<?xml version="1.0" encoding="UTF-8"?><?xml-stylesheet type="text/xsl" href="static/style.xsl"?><OAI-PMH xmlns="http://www.openarchives.org/OAI/2.0/" xmlns:xsi="http://www.w3.org/2001/XMLSchema-instance" xsi:schemaLocation="http://www.openarchives.org/OAI/2.0/ http://www.openarchives.org/OAI/2.0/OAI-PMH.xsd"><responseDate>2026-04-13T07:20:35Z</responseDate><request verb="GetRecord" identifier="oai:www.recercat.cat:2072/365029" metadataPrefix="marc">https://recercat.cat/oai/request</request><GetRecord><record><header><identifier>oai:recercat.cat:2072/365029</identifier><datestamp>2024-12-23T14:40:53Z</datestamp><setSpec>com_2072_352787</setSpec><setSpec>com_2072_351515</setSpec><setSpec>com_2072_1741</setSpec><setSpec>col_2072_352789</setSpec></header><metadata><record xmlns="http://www.loc.gov/MARC21/slim" xmlns:dcterms="http://purl.org/dc/terms/" xmlns:xsi="http://www.w3.org/2001/XMLSchema-instance" xmlns:doc="http://www.lyncode.com/xoai" xsi:schemaLocation="http://www.loc.gov/MARC21/slim http://www.loc.gov/standards/marcxml/schema/MARC21slim.xsd">
   <leader>00925njm 22002777a 4500</leader>
   <datafield ind2=" " ind1=" " tag="042">
      <subfield code="a">dc</subfield>
   </datafield>
   <datafield ind2=" " ind1=" " tag="720">
      <subfield code="a">Borràs, Antoni</subfield>
      <subfield code="e">author</subfield>
   </datafield>
   <datafield ind2=" " ind1=" " tag="720">
      <subfield code="a">Senar, Juan Carlos</subfield>
      <subfield code="e">author</subfield>
   </datafield>
   <datafield ind2=" " ind1=" " tag="260">
      <subfield code="c">2019</subfield>
   </datafield>
   <datafield ind2=" " ind1=" " tag="520">
      <subfield code="a">En aquest article s’aporten dades històriques sobre l’origen i el tarannà del Grup
Bages d’Anellament (GBA) i del paper que aquest ha jugat en l’estudi de l’ornitologia de
muntanya. Alhora, completa alguns aspectes sobre la recent història de l’ornitologia
catalana de l’últim terç del segle XX. El Grup Bages d’Anellament és un dels grups
pioners que va començar a fer estudis ornitològics a la Catalunya central i els
Prepirineus, i és el grup d’anellament més veterà a Catalunya, juntament amb el Grup
d’Anellament Calldetenes-Osona (GACO), tot mantenint una activitat ininterrompuda de
marcatge i estudi d’ocells en els darrers 45 anys</subfield>
   </datafield>
   <datafield ind1="8" ind2=" " tag="024">
      <subfield code="a">http://hdl.handle.net/2072/365029</subfield>
   </datafield>
   <datafield ind2="0" ind1="0" tag="245">
      <subfield code="a">45 anys d’ornitologia de muntanya i el Grup Bages d’Anellament</subfield>
   </datafield>
</record></metadata></record></GetRecord></OAI-PMH>